• 首页
  • 本馆介绍
  • 公告通知
  • 最新文献
  • 馆藏检索
  • 电子资源
  • 读者导购
  • 参考咨询
  • 我的图书馆
  • 登录
  • 详细信息显示
  • 放入我的书架
  • 预约/预借图书
  • 作者相关作品
  • 分类相关作品
  • 丛书相关作品
  • 出版社相关作品

书目信息

  • 表格格式
  • 工作单格式
  • 卡片格式
题名:
装饰雕塑
    
 
作者: 张燕根
分册:  
出版信息: 深圳   广西美术出版社  2003
页数: 79
开本: 26cm
丛书名:
单 册:
中图分类: J33
科图分类:
主题词: 雕塑--世界 , 雕塑--各国
电子资源:
ISBN: 7-80674-406-1
000 00542nam0 2200193 450
001 0729297901
005 20071003080817.90
010    @a7-80674-406-1@b精装@d¥26.00
100    @a20071003d km y0chiy0120 ea
101 0  @achi
200 1  @a装饰雕塑@Azhuang shi diao su@f张燕根@Fzhang yan gen
210    @a深圳@c广西美术出版社@d2003
215    @a79@d26cm
606 0  @a雕塑@x世界
606 0  @a雕塑@y各国
690    @aJ33@v4
701  0 @a张燕根@Azhang yan gen
801  0 @aCN@b大连网信软件有限公司图书馆·11@c20071003
905    @a213230@dJ33@eM10
    
    装饰雕塑/张燕根.-深圳:广西美术出版社,2003
    79;26cm
    
    
    ISBN 7-80674-406-1(精装):¥26.00
    
●
相关链接 在E读中查询图书 在五车中查询图书 在当当中查询图书 在豆瓣中查询图书


正题名:装饰雕塑     索取号:J33/M10         预约/预借

序号 登录号 条形码 馆藏地/架位号 状态 备注
1 6400915   264009156   密集书库-美术系/ [索取号:J33/M10] 在馆    
唐山师范学院图书馆 欢迎您!
大连网信软件有限公司© 版权所有